Statistics for Countries That End in 'EA'

Click here to take the quiz!

General Stats

  • This quiz has been taken 38 times
    (24 since last reset)
  • The average score is 4 of 6

Answer Stats

Countries% Correct
AfricaEritrea
83%
AfricaGuinea
78%
OceaniaPapua New Guinea
74%
AsiaSouth Korea
74%
AsiaNorth Korea
70%
AfricaEquatorial Guinea
65%

Score Distribution

Percentile by Number Answered

Percent of People with Each Score

Your Score History

You have not taken this quiz since the last reset